| 000 | 00585cam a2200169 a 4500 | ||
|---|---|---|---|
| 001 | 000001170 | ||
| 005 | 20200929145508.0 | ||
| 008 | 770623s1976 ve 000 0 spa | ||
| 040 |
_aDO-SdBNP _bspa _cBNPHU |
||
| 082 |
_axx _bB641d |
||
| 100 | 1 |
_aBlanco, Andrés Eloy, _d1898-1955. _93991 |
|
| 245 | 1 | 0 |
_aDiscursos / _cAndres Eloy Blanco ; pórtico, Manuel Alfredo Rodríguez, Pedro Francisco Lizardo. |
| 260 |
_aCaracas : _bCentauro, _c1976. |
||
| 300 |
_av. ; _c18 cm. |
||
| 651 | 4 |
_aVenezuela _xDiscursos Parlamentarios _93992 |
|
| 651 | 4 |
_aVenezuela _xPolítica Y Gobierno _y1935-1958. _93993 |
|
| 999 |
_c1123 _d1123 |
||